000 00428nam a2200133 a 4500
001 000040929
005 20201002034502.0
008 130911s19uu sp 000 0 spa d
040 _aDO-SdBNP
_bspa
_cBNPHU
100 1 _aPérez Díaz, Víctor
_967355
245 1 0 _aCambio tecnológico y procesos educativos en España /
_cVíctor Pérez Díaz.
260 _aMadrid :
_bSeminarios y Ediciones,
_c[197-?].
300 _a173 p. ;
_c19 cm.
999 _c40419
_d40419